书目信息 |
| 题名: |
紫色窗帘背后
|
|
| 作者: | 威斯顿, , Weston, 著 ;竞雄 , 晓梅 译 | |
| 分册: | ||
| 出版信息: | 上海 百家出版社 2002.8 |
|
| 页数: | 398页 | |
| 开本: | 21cm | |
| 丛书名: | ||
| 单 册: | ||
| 中图分类: | G479 , B844.2 | |
| 科图分类: | ||
| 主题词: | 姑娘--gu niang--青春期--健康教育--基本知识 , 姑娘--gu niang , 青少年心理学--qing shao nian xin li xue , 青春期--qing chun qi , 姑娘--gu niang--青少年心理学 , 健康教育--jian kang jiao yu | |
| 电子资源: | ||
| ISBN: | 7-80656-656-2 | |
| 000 | 01436nam0 2200421 450 | |
| 000 | 01464nam0 2200421 450 | |
| 000 | 01427nam0 2200409 450 | |
| 000 | 01390nam0 2200397 450 | |
| 000 | 01373nam0 2200397 450 | |
| 000 | 01336nam0 2200385 450 | |
| 001 | CAL 012006094270 | |
| 005 | 20061031093614.59 | |
| 010 | @a7-80656-656-2@dCNY18.00 | |
| 099 | @aCAL 012006094270 | |
| 100 | @a20060825d2002 em y0chiy0120 ea | |
| 101 | 1 | @achi@ceng |
| 102 | @aCN@b310000 | |
| 105 | @ay z 000yy | |
| 200 | 1 | @a紫色窗帘背后@Azi se chuang lian bei hou@e女孩夜谈@f(美)卡罗尔·威斯顿[Carol Weston]著@g竞雄, 晓梅译 |
| 210 | @a上海@c百家出版社@d2002.8 | |
| 215 | @a398页@d21cm | |
| 305 | @a通过博达著作权代理有限公司帮助取得版权 | |
| 330 | @a本书主要内容包括: 天然去雕饰; 友谊受到挫折的时候; 雾朦胧, 情朦胧; 家庭; 结尾更精彩。 | |
| 517 | 1 | @a女孩夜谈@Anu^ hai ye tan |
| 606 | 0 | @a姑娘@Agu niang@x青春期@x健康教育@x基本知识 |
| 606 | 0 | @a姑娘@Agu niang |
| 606 | 0 | @a青少年心理学@Aqing shao nian xin li xue |
| 606 | 0 | @a青春期@Aqing chun qi |
| 606 | 0 | @a姑娘@Agu niang@x青少年心理学 |
| 606 | 0 | @a健康教育@Ajian kang jiao yu |
| 690 | @aG479@v4 | |
| 690 | @aB844.2@v4 | |
| 701 | 1 | @c(美)@a威斯顿,@Awei si dun@bC.@g(Weston, Carol)@4著 |
| 701 | 1 | @c(美)@aWeston,@bC.@g(Weston, Carol)@4著 |
| 702 | 0 | @a竞雄@Ajing xiong@4译 |
| 702 | 0 | @a晓梅@Axiao mei@4译 |
| 801 | 0 | @aCN@c20061031 |
| 905 | @a10447@dB844.2@eW500 | |
| 紫色窗帘背后:女孩夜谈/(美)卡罗尔·威斯顿[Carol Weston]著/竞雄, 晓梅译.-上海:百家出版社,2002.8 |
| 398页;21cm |
| ISBN 7-80656-656-2:CNY18.00 |
| 本书主要内容包括: 天然去雕饰; 友谊受到挫折的时候; 雾朦胧, 情朦胧; 家庭; 结尾更精彩。 |
| ● |
| 相关链接 |
|
|
|
正题名:紫色窗帘背后
索取号:B844.2/W500
 
预约/预借
| 序号 | 登录号 | 条形码 | 馆藏地/架位号 | 状态 | 备注 |
| 1 | 632943 | 206329436 | 社科库509/509社科库 38排4列3层/ [索取号:B844.2/W500] | 在馆 | |
| 2 | 632944 | 206329445 | 社科库509/509社科库 38排4列3层/ [索取号:B844.2/W500] | 在馆 | |
| 3 | 632945 | 206329454 | 社科库509/509社科库 38排4列3层/ [索取号:B844.2/W500] | 在馆 |